Loading...
| History - World | 0 | 3 | 0 | 2 | 30 | 119 | 132.00 | 0 | 0 | 0.00 | 3.41 |
| History - American | 0 | 3 | 0 | 1 | 30 | 89 | 101.33 | 0 | 0 | 4.38 | 5.68 |
| History - Other | 0 | 3 | 1 | 2 | 25 | 116 | 126.67 | 0 | 0 | 0.54 | 5.68 |
| Fine Arts - Other | 0 | 2 | 0 | 0 | 20 | 116 | 127.00 | 0 | 0 | 0.00 | 4.55 |
| Religion | 0 | 2 | 0 | 1 | 20 | 73 | 105.50 | 0 | 1 | 4.14 | 7.95 |
| Social Science | 0 | 1 | 0 | 0 | 10 | 115 | 115.00 | 0 | 0 | 0.16 | 3.41 |
| Philosophy | 0 | 1 | 0 | 1 | 10 | 127 | 127.00 | 0 | 0 | 0.00 | 1.14 |
| Science - Biology | 0 | 1 | 0 | 0 | 10 | 68 | 68.00 | 0 | 1 | 3.47 | 7.95 |
| Current Events | 0 | 1 | 0 | 0 | 10 | 50 | 50.00 | 0 | 0 | 30.62 | 25.00 |
| Science - Other | 0 | 0 | 0 | 0 | 0 | 0.00 | 0 | 0 | 0.00 | 0.00 | |
| Fine Arts - Painting and Sculpture | 0 | 0 | 1 | 0 | -5 | 0.00 | 0 | 0 | 0.00 | 0.00 | |
| History - European | 0 | 0 | 1 | 0 | -5 | 0.00 | 0 | 0 | 0.00 | 0.00 | |
| Literature - American | 0 | 0 | 1 | 0 | -5 | 0.00 | 0 | 0 | 0.00 | 0.00 | |
| Geography | 0 | 0 | 2 | 0 | -10 | 0.00 | 0 | 0 | 0.00 | 0.00 |